01546nam a2200397Ia 4500001001200000003000800012006001900020007001500039008004100054010001700095020004000112020004300152020001800195040002100213035002100234050002400255082001200279245016200291260006200453300002300515490003000538504005100568533015200619650001900771650001900790650002400809650002400833650001600857655002900873700002600902700002900928710001700957830003100974856012601005999001701131ebr10574079CaPaEBRm u cr cn|||||||||090310s2009 nyua sb s001 0 eng d z 2009010131 z143842941X (hardcover : alk. paper) z9781438429410 (hardcover : alk. paper) z9781438429427 aCaPaEBRcCaPaEBR a(OCoLC)56061018714aB808.9b.P77 2009eb04a12622200aProcess approaches to consciousness in psychology, neuroscience, and philosophy of mindh[electronic resource] /cedited by Michel Weber and Anderson Weekes. aAlbany, NY :bState University of New York Press,cc2009. axi, 472 p. :bill.1 aSuny series in philosophy aIncludes bibliographical references and index. aElectronic reproduction.bPalo Alto, Calif. :cebrary,d2013.nAvailable via World Wide Web.nAccess may be limited to ebrary affiliated libraries. 0aConsciousness. 0aNeurosciences. 0aPhilosophy of mind. 0aProcess philosophy. 0aPsychology. 7aElectronic books.2local1 aWeber, Michel,d1963-1 aWeekes, Anderson,d1960-2 aebrary, Inc. 0aSUNY series in philosophy.40uhttp://site.ebrary.com/lib/rucke/Doc?id=10574079zAn electronic book accessible through the World Wide Web; click to view c78769d78769